| 000 | 00496nam a2200181Ia 4500 | ||
|---|---|---|---|
| 005 | 20250317123914.0 | ||
| 008 | 008 250317s9999 xx 000 0 eng d | ||
| 037 | _aTextbook | ||
| 040 |
_aFMSL _beng _cFMSL |
||
| 041 |
_aeng _2eng |
||
| 084 |
_aXogB Q2 _qFMSL |
||
| 100 |
_aVerbeek M _9741016 |
||
| 245 | 0 | _aGuide to modern econometrics | |
| 250 | _a4 | ||
| 260 |
_aNew Jersey _bNew Jersey, John Wiley _c2012 |
||
| 942 |
_cTB _hXogB Q2 |
||
| 999 |
_c1253225 _d1253225 |
||